| 000 | 00764nam a2200217Ii 4500 | ||
|---|---|---|---|
| 003 | JO-AjNU | ||
| 008 | 230605s9999||||xx |||||||||||||| ||und|| | ||
| 017 | _a2010/10/3750 | ||
| 040 |
_aJO-AjNU _bara _erda _cJO-AjNU |
||
| 041 | _aara | ||
| 050 | 1 | 4 | _aTX911.3.P4.H863 2011 |
| 100 | 3 |
_aالحميري ، موفق عدنان ، م مشارك امين المومني , _eauthor _953215 |
|
| 245 | 0 | 0 | _aهندسة الموارد البشرية في صناعة الفنادق |
| 250 | _aط1 | ||
| 264 | 3 | 1 | _aعمان :دار اثراء للنشر ،2011 |
| 300 | _a280ص | ||
| 336 |
_atext _btxt _2rdacontent |
||
| 337 |
_aunmediated _bn _2rdamedia |
||
| 338 |
_avolume _bnc _2rdacarrier |
||
| 650 | 4 |
_aادارة الفنادق - ادارة الاعمال _953216 |
|
| 999 |
_aA23620 _c27188 _d27188 |
||